• 首页
  • 本馆介绍
  • 公告通知
  • 最新文献
  • 馆藏检索
  • 电子资源
  • 读者导购
  • 参考咨询
  • 我的图书馆
  • 登录
  • 详细信息显示
  • 放入我的书架
  • 预约/预借图书
  • 作者相关作品
  • 分类相关作品
  • 丛书相关作品
  • 出版社相关作品

书目信息

  • 表格格式
  • 工作单格式
  • 卡片格式
题名:
默多克传
    
 
作者: 朱丹红 著
分册:  
出版信息: 长春   时代文艺出版社  2016
页数: 181页
开本: 23cm
丛书名: 世界商业名人传记丛书
单 册:
中图分类: K836.115.42=6 , K836.11
科图分类:
主题词:
电子资源:
ISBN: 978-7-5387-5116-1
000 00829oam2 2200253 450
001 2354081739
005 20231117161932.31
010    @a978-7-5387-5116-1@dCNY36.00
100    @a20190612d2016 em y0chiy50 ea
101 0  @achi
102    @aCN@b220000
105    @ay z 000yb
200 1  @a默多克传@Amo duo ke zhuan@f朱丹红著
210    @a长春@c时代文艺出版社@d2016
215    @a181页@d23cm
225 2  @a世界商业名人传记丛书
330    @a本书记录了默多克的生活经历、所处的时代以及他思想上的变化。描绘了默多克为将其传媒帝国拓展到整个地球所进行的一场场“拼杀”。
410  0 @12001 @a世界商业名人传记丛书
600  0 @a默多克@c(Murdoch, Keith Rupert@f1931- )@x传记
690    @aK836.115.42=6@v5
690    @aK836.11@v4
701  0 @a朱丹红@Azhu dan hong@4著
801  0 @aCN@b91MARC@c20190612
905    @aZUCC@dK836.11@e2
    
    默多克传/朱丹红著.-长春:时代文艺出版社,2016
    181页;23cm.-(世界商业名人传记丛书)
    
    
    ISBN 978-7-5387-5116-1:CNY36.00
    本书记录了默多克的生活经历、所处的时代以及他思想上的变化。描绘了默多克为将其传媒帝国拓展到整个地球所进行的一场场“拼杀”。
●
相关链接 在五车中查询图书 在当当中查询图书 在豆瓣中查询图书


正题名:默多克传     索取号:K836.11/2         预约/预借

序号 登录号 条形码 馆藏地/架位号 状态 备注
1 2001002611   2001002611   第四书库/四30架B面5层2列/ [索取号:K836.11/2] 在馆    
2 2001002612   2001002612   第四书库/四30架B面5层2列/ [索取号:K836.11/2] 在馆    
3 2001002613   2001002613   第四书库/四30架B面5层2列/ [索取号:K836.11/2] 在馆    
4 2001002614   2001002614   第四书库/四30架B面5层2列/ [索取号:K836.11/2] 在馆    
5 2001002615   2001002615   第四书库/四30架B面5层2列/ [索取号:K836.11/2] 在馆    
6 2001002616   2001002616   第四书库/四30架B面5层2列/ [索取号:K836.11/2] 在馆    
山东省滨州职业学院图书馆 欢迎您!
大连网信软件有限公司© 版权所有